000 00530cam a2200181ua 4500
001 12289
008 120831n ii |||gr||||Z||||||asm
020 _a9788191001693
040 _cMAIN
082 _a891.4514
100 _aHomen Borgohain,
_eEditor.
245 _aAsamiya sahityar buranji :
_bPart VI /
_cEd by Homen Borgohain .
250 _a4th ed. /
_bV.VI.
260 _aGuwahati:
_bAnundoram borooah institute of language,
_c2017.
300 _a896p.
653 _aEast Indo-European & Celtic literatures
942 _cBK
999 _c11046
_d11046